DuckTales 2017 Theme Song Lyrics - Statistics

General Stats
  • This quiz has been taken 191 times
  • The average score is 18 of 20
Answer Stats
Answer % Correct
{DuckTales}! whoo-hoo!
100%
{DuckTales}! whoo-hoo!
100%
{DuckTales}! whoo-hoo
100%
{DuckTales}! whoo-hoo!
100%
{DuckTales}! whoo-hoo!
100%
Might solve a {mystery}
97%
Or rewrite {history}!
97%
Here in {Duckburg}
96%
Life is like a {hurricane}
96%
D-d-d-{danger} lurks behind you
90%
It's a duck-{blur}!
87%
There's a {stranger} out to find you
85%
What to do, just {grab} onto some
85%
{Everyday} they're out there making
84%
{Everyday} they're out there making
84%
Race cars, {lasers}, aeroplanes
84%
{Tales} of daring do bad and good
82%
{Tales} of daring do bad and good
82%
Not ponytails or {cotton} tales no
75%
{Luck}Tales! whoo-hoo!
72%
No matching quizzes found
Score Distribution
Percent of People with Each Score
Percentile by Number Answered
Your Score History
You have not taken this quiz